| 000 | 02241nam a2200517 cb4500 | ||
|---|---|---|---|
| 001 | BV037335368 | ||
| 003 | DE-604 | ||
| 005 | 20240411090856.0 | ||
| 007 | t | ||
| 008 | 110413s2011 gw |||| 00||| ger d | ||
| 015 |
_a11,N01 _2dnb |
||
| 015 |
_a11,A10 _2dnb |
||
| 016 | 7 |
_a1008775436 _2DE-101 |
|
| 020 |
_a9783407794383 _cPp. : EUR 12.95 (DE), EUR 13.30 (AT), sfr 19.90 (freier Pr.) |
||
| 035 | _a(OCoLC)706978189 | ||
| 035 | _a(DE-599)DNB1008775436 | ||
| 040 |
_aDE-604 _bger _erakddb _cGESM |
||
| 041 | 0 | _ager | |
| 044 |
_agw _asz _cXA-DE-BW _cXA-CH |
||
| 049 |
_aDE-M336 _aDE-B170 _aDE-355 _aDE-473 _aDE-824 _aDE-20 _aDE-B1533 _aDE-188 _aDE-11 |
||
| 084 |
_aDX 4250 _0(DE-625)20311:227 _2rvk |
||
| 084 |
_aGE 6919 _0(DE-625)39237: _2rvk |
||
| 100 | 1 |
_aNaoura, Salah _d1964- _eVerfasser _0(DE-588)113304706 _4aut |
|
| 245 | 1 | 0 | _aMatti und Sami und die drei größten Fehler des Universums |
| 264 | 1 |
_aWeinheim [u.a.] _bBeltz & Gelberg _c2011 |
|
| 300 |
_a141 S. _c18,7/12,6/1,2 cm _fGebundene Ausgabe |
||
| 336 |
_aText _btxt _2rdacontent |
||
| 337 |
_aohne Hilfsmittel zu benutzen _bn _2rdamedia |
||
| 338 |
_aBand _bnc _2rdacarrier |
||
| 385 |
_0(DE-588)4030550-8 _aKind _2gnd |
||
| 490 | 1 |
_aMatti und Sammi _v1 |
|
| 500 | _a | ||
| 520 | _aDer 11-jährige Matti träumt von einem Familienurlaub in der Heimat seines finnischen Vaters, was er mit einer faustdicken Lüge auch erreicht. In Finnland aber finden sich Matti, der kleine Bruder Sami und die Eltern auf einmal ohne Bleibe, Geld und Auto mitten in der finnischen Einöde wieder. Nur ein Wunder kann sie retten ... | ||
| 521 | _aAntolin ab Klasse 4 | ||
| 650 | 0 | 7 |
_aBinationale Familie _0(DE-588)4322940-2 _2gnd _9rswk-swf |
| 650 | 0 | 7 |
_aDeutsche _0(DE-588)4070334-4 _2gnd _9rswk-swf |
| 650 | 0 | 7 |
_aChaos _0(DE-588)4191419-3 _2gnd _9rswk-swf |
| 650 | 0 | 7 |
_aAlltag _0(DE-588)4001307-8 _2gnd _9rswk-swf |
| 650 | 0 | 7 |
_aJunge _0(DE-588)4029002-5 _2gnd _9rswk-swf |
| 651 | 7 |
_aFinnland _0(DE-588)4017243-0 _2gnd _9rswk-swf |
|
| 653 | _aAntolin | ||
| 655 | _aSL | ||
| 830 | 0 |
_aKinder- und Jugendbuchpreis Luchs _v295 _w(DE-604)BV044244299 |
|
| 856 | 4 | 2 |
_mX:MVB _qtext/html _uhttp://deposit.d-nb.de/cgi-bin/dokserv?id=3624446&prov=M&dok_var=1&dok_ext=htm _3Inhaltstext |
| 942 |
_2ddc _cBK _n0 |
||
| 999 |
_c18344 _d18344 |
||